000 00439nam a2200205Ia 4500
001 12758
003 GE_BSU
008 181216s||||||||xx |||||||||||||| ||und||
020 _a9780593047606
040 _cGE_BSU
080 _a821.111-32
100 _aGoddard,Robert
245 _aPlay to the End
260 _aLondon
260 _bBantam Books
260 _c2004
300 _a332p.24cm.
653 _aPlay to the End
942 _cBK
999 _c45929
_d45929